<?xml version="1.0" encoding="UTF-8"?>
<record
    xmlns:xsi="http://www.w3.org/2001/XMLSchema-instance"
    xsi:schemaLocation="http://www.loc.gov/MARC21/slim http://www.loc.gov/standards/marcxml/schema/MARC21slim.xsd"
    xmlns="http://www.loc.gov/MARC21/slim">

  <leader>00994nam a22002657a 4500</leader>
  <controlfield tag="005">20231023095553.0</controlfield>
  <controlfield tag="008">150813b        mx ||||| |||| 00| 0 spa d</controlfield>
  <datafield tag="020" ind1=" " ind2=" ">
    <subfield code="a">9682411106</subfield>
  </datafield>
  <datafield tag="050" ind1="0" ind2="4">
    <subfield code="a">TX556.B4</subfield>
    <subfield code="b">O28 1981</subfield>
  </datafield>
  <datafield tag="050" ind1="0" ind2="4">
    <subfield code="a">TS1960 </subfield>
    <subfield code="b">P35 1981</subfield>
  </datafield>
  <datafield tag="100" ind1="1" ind2=" ">
    <subfield code="a">Paltrieri, Gaetano.</subfield>
  </datafield>
  <datafield tag="245" ind1="1" ind2="0">
    <subfield code="a">Obtenci&#xF3;n de carne </subfield>
    <subfield code="c"> / basado en el trabajo de Gaetano Paltrinieri ; colaborador Marco R. Meyer, Kirchner Salinas, Atilano D&#xED;az ; revisi&#xF3;n F. Orozco Luna. </subfield>
  </datafield>
  <datafield tag="250" ind1=" " ind2=" ">
    <subfield code="a">1a ed.</subfield>
  </datafield>
  <datafield tag="260" ind1=" " ind2=" ">
    <subfield code="a">M&#xE9;xico :</subfield>
    <subfield code="b">Trillas ;</subfield>
    <subfield code="a">Secretaria de Educaci&#xF3;n P&#xFA;blica, </subfield>
    <subfield code="c">1981</subfield>
  </datafield>
  <datafield tag="300" ind1=" " ind2=" ">
    <subfield code="a">96 p. :</subfield>
    <subfield code="b">il. ;</subfield>
    <subfield code="c">24 cm.</subfield>
  </datafield>
  <datafield tag="490" ind1="0" ind2=" ">
    <subfield code="a">Manuales para la educaci&#xF3;n agropecuaria.</subfield>
  </datafield>
  <datafield tag="490" ind1="0" ind2=" ">
    <subfield code="a">&#xC1;rea Industrias rurales ; </subfield>
    <subfield code="v">no. 28</subfield>
  </datafield>
  <datafield tag="500" ind1=" " ind2=" ">
    <subfield code="a">Incluye &#xED;ndice </subfield>
  </datafield>
  <datafield tag="650" ind1=" " ind2="7">
    <subfield code="2">lemb</subfield>
    <subfield code="a">Carne</subfield>
    <subfield code="x">Industria y comercio </subfield>
  </datafield>
  <datafield tag="700" ind1="1" ind2=" ">
    <subfield code="a">Meyer, Marco R., </subfield>
    <subfield code="e">colaborador </subfield>
  </datafield>
  <datafield tag="700" ind1="1" ind2=" ">
    <subfield code="a">Salinas, Kirchner, </subfield>
    <subfield code="e">colaborador </subfield>
  </datafield>
  <datafield tag="700" ind1="1" ind2=" ">
    <subfield code="a">Diaz, Atilano, </subfield>
    <subfield code="e">colaborador </subfield>
  </datafield>
  <datafield tag="700" ind1="1" ind2=" ">
    <subfield code="a">Luna, Orozco, F., </subfield>
    <subfield code="e">revisor</subfield>
  </datafield>
  <datafield tag="942" ind1=" " ind2=" ">
    <subfield code="2">lcc</subfield>
    <subfield code="c">LIB</subfield>
  </datafield>
  <datafield tag="999" ind1=" " ind2=" ">
    <subfield code="c">98240</subfield>
    <subfield code="d">98240</subfield>
  </datafield>
  <datafield tag="952" ind1=" " ind2=" ">
    <subfield code="1">0</subfield>
    <subfield code="2">lcc</subfield>
    <subfield code="4">0</subfield>
    <subfield code="7">0</subfield>
    <subfield code="a">LIC-013</subfield>
    <subfield code="b">LIC-013</subfield>
    <subfield code="c">GENERAL</subfield>
    <subfield code="d">2015-08-13</subfield>
    <subfield code="e">UA</subfield>
    <subfield code="f">1a. ed.</subfield>
    <subfield code="k">CA</subfield>
    <subfield code="o">TX556 K64 1985</subfield>
    <subfield code="p">MVZ000002440</subfield>
    <subfield code="r">2015-08-13 00:00:00</subfield>
    <subfield code="t">C:1</subfield>
    <subfield code="y">LIB</subfield>
  </datafield>
  <datafield tag="952" ind1=" " ind2=" ">
    <subfield code="1">0</subfield>
    <subfield code="2">lcc</subfield>
    <subfield code="4">0</subfield>
    <subfield code="7">0</subfield>
    <subfield code="a">LIC-013</subfield>
    <subfield code="b">LIC-013</subfield>
    <subfield code="c">GENERAL</subfield>
    <subfield code="d">2015-08-13</subfield>
    <subfield code="e">UA</subfield>
    <subfield code="f">1a. ed.</subfield>
    <subfield code="k">CA</subfield>
    <subfield code="o">TX556 K64 1982</subfield>
    <subfield code="p">MVZ000002071</subfield>
    <subfield code="r">2015-08-13 00:00:00</subfield>
    <subfield code="t">C:1</subfield>
    <subfield code="y">LIB</subfield>
  </datafield>
  <datafield tag="952" ind1=" " ind2=" ">
    <subfield code="1">0</subfield>
    <subfield code="2">lcc</subfield>
    <subfield code="4">0</subfield>
    <subfield code="7">0</subfield>
    <subfield code="a">LIC-013</subfield>
    <subfield code="b">LIC-013</subfield>
    <subfield code="c">GENERAL</subfield>
    <subfield code="d">2018-03-01</subfield>
    <subfield code="f">1a ed. </subfield>
    <subfield code="k">IT</subfield>
    <subfield code="o">TX556.B4 O28 1981</subfield>
    <subfield code="p">MVZ000004288</subfield>
    <subfield code="r">2018-03-01 00:00:00</subfield>
    <subfield code="t">C : 1</subfield>
    <subfield code="y">LIB</subfield>
  </datafield>
  <datafield tag="952" ind1=" " ind2=" ">
    <subfield code="1">0</subfield>
    <subfield code="2">lcc</subfield>
    <subfield code="4">0</subfield>
    <subfield code="7">0</subfield>
    <subfield code="a">LIC-013</subfield>
    <subfield code="b">LIC-013</subfield>
    <subfield code="c">GENERAL</subfield>
    <subfield code="d">2018-03-01</subfield>
    <subfield code="f">1a ed. </subfield>
    <subfield code="k">IT</subfield>
    <subfield code="o">TX556.B4 O28 1981</subfield>
    <subfield code="p">MVZ000004289</subfield>
    <subfield code="r">2018-03-01 00:00:00</subfield>
    <subfield code="t">C : 2</subfield>
    <subfield code="y">LIB</subfield>
  </datafield>
  <datafield tag="952" ind1=" " ind2=" ">
    <subfield code="1">0</subfield>
    <subfield code="2">lcc</subfield>
    <subfield code="4">0</subfield>
    <subfield code="7">0</subfield>
    <subfield code="a">LIC-013</subfield>
    <subfield code="b">LIC-013</subfield>
    <subfield code="c">GENERAL</subfield>
    <subfield code="d">2018-03-01</subfield>
    <subfield code="f">1a ed. </subfield>
    <subfield code="k">IT</subfield>
    <subfield code="o">TX556.B4 O28 1981</subfield>
    <subfield code="p">MVZ000004290</subfield>
    <subfield code="r">2018-03-01 00:00:00</subfield>
    <subfield code="t">C : 3</subfield>
    <subfield code="y">LIB</subfield>
  </datafield>
  <datafield tag="952" ind1=" " ind2=" ">
    <subfield code="1">0</subfield>
    <subfield code="2">lcc</subfield>
    <subfield code="4">0</subfield>
    <subfield code="7">0</subfield>
    <subfield code="a">UCIH</subfield>
    <subfield code="b">UCIH</subfield>
    <subfield code="c">GENERAL</subfield>
    <subfield code="d">2023-08-08</subfield>
    <subfield code="f">1a ed. </subfield>
    <subfield code="k">IT</subfield>
    <subfield code="l">0</subfield>
    <subfield code="o">TS1960 O28 r1985</subfield>
    <subfield code="p">BCU000023421</subfield>
    <subfield code="r">2023-08-08 00:00:00</subfield>
    <subfield code="t">1</subfield>
    <subfield code="v">1.00</subfield>
    <subfield code="y">LIB</subfield>
  </datafield>
</record>
